Pulp and paper capacities: survey = Capacités de la pâte et du papier : enquete = Capacidades de pasta y papel : estudio

保存先:
書誌詳細
フォーマット: 図書
言語:Undetermined
出版事項: Rome, Italy FAO 2006
主題:
タグ: タグ追加
タグなし, このレコードへの初めてのタグを付けませんか!
Thư viện lưu trữ: Trung tâm Học liệu Trường Đại học Cần Thơ
LEADER 00559nam a2200181Ia 4500
001 CTU_116681
008 210402s9999 xx 000 0 und d
082 |a 338.47676021 
082 |b P982 
245 0 |a Pulp and paper capacities: survey = 
245 0 |b Capacités de la pâte et du papier : enquete = Capacidades de pasta y papel : estudio 
260 |a Rome, Italy 
260 |b FAO 
260 |c 2006 
650 |a Paper mills,Pulp mills 
650 |x Statistics,Statistics 
904 |i Minh 
980 |a Trung tâm Học liệu Trường Đại học Cần Thơ